UBT Library

Project management in practice / (Record no. 43644)

000 -LEADER
fixed length control field 00651cam a22002174a 4500
001 - CONTROL NUMBER
control field 15127579
005 - DATE AND TIME OF LATEST TRANSACTION
control field 20180227092000.0
008 - FIXED-LENGTH DATA ELEMENTS--GENERAL INFORMATION
fixed length control field 080104s2008 njua b 001 0 eng
010 ## - LIBRARY OF CONGRESS CONTROL NUMBER
LC control number 2008270102
020 ## - INTERNATIONAL STANDARD BOOK NUMBER
International Standard Book Number 9780470121641 (pbk. : alk. paper)
040 ## - CATALOGING SOURCE
Original cataloging agency DLC
Transcribing agency DLC
Modifying agency DLC
041 ## - LANGUAGE CODE
Language code of text/sound track or separate title eng
080 ## - UNIVERSAL DECIMAL CLASSIFICATION NUMBER
Universal Decimal Classification number 658 MAN
100 ## - Rafti
Rafti 53
101 ## - Shkurtesa
Shkurtesa MAN
245 00 - TITLE STATEMENT
Title Project management in practice /
Statement of responsibility, etc Samuel J. Mantel, Jr. ... [et al.].
504 ## - BIBLIOGRAPHY, ETC. NOTE
Bibliography, etc Includes bibliographical references and index.
906 ## - LOCAL DATA ELEMENT F, LDF (RLIN)
a 7
b cbc
c origcop
d 3
e ncip
f 20
g y-gencatlg
942 ## - ADDED ENTRY ELEMENTS (KOHA)
Source of classification or shelving scheme
Item type Books

No items available.

UBT Library © 2015-2024. All rights reserved University Education for Business and Technology